000 01131nam a2200241Ia 4500
001 189-BUR gi ci (14307)
003 IT-MiSPE
008 171229s9999||||xx |||||||||||||| ||und||
040 _aIT-MiSPE
_cIT-MiSPE
041 _aITALIANO
100 _aGiovanni Buridano
240 _aQuaestiones super libri quattuor "De caelo et mundo"
245 0 _aIl cielo e il mondo
_bCommento al trattato "Del cielo" di Aristotele
250 _a1a ed. (v)
260 _aMilano
_bRusconi
_c1983
300 _a481 p.
_c22 cm
490 _aI classici del pensiero: Medioevo e Rinascimento
501 _aEdizioni San Paolo srl - Piazza Soncino, 5 - 20092 CINISELLO BALSAMO (MI) (non commercial uses only) ® Copyright 2018
700 _aAlessandro Ghisalberti
_g(traduzione)
942 _cBK
957 _71
999 _a681
_bNO
_g Copie: 1
_c337233
_d337233